MARC details
| 000 -LEADER |
| fixed length control field |
01176nam a22002297a 4500 |
| 005 - DATE AND TIME OF LATEST TRANSACTION |
| control field |
20230622105329.0 |
| 008 - FIXED-LENGTH DATA ELEMENTS--GENERAL INFORMATION |
| fixed length control field |
230622b |||||||| |||| 00| 0 eng d |
| 020 ## - INTERNATIONAL STANDARD BOOK NUMBER |
| International Standard Book Number |
9789211173192 |
| 040 ## - CATALOGING SOURCE |
| Original cataloging agency |
CBULib |
| Transcribing agency |
CBULib |
| 041 ## - LANGUAGE CODE |
| Language code of text/sound track or separate title |
eng |
| 099 ## - LOCAL FREE-TEXT CALL NUMBER (OCLC) |
| Classification number |
UNECE(02)2022/19 |
| 110 ## - MAIN ENTRY--CORPORATE NAME |
| Corporate name or jurisdiction name as entry element |
United Nations Economic Commission for Europe(UNECE) |
| 245 ## - TITLE STATEMENT |
| Title |
Carbon neutrality in the UNECE Region : technology interplay under the carbon neutrality concept |
| Statement of responsibility, etc. |
/ by United Nations Economic Commission for Europe(UNECE) |
| 260 ## - PUBLICATION, DISTRIBUTION, ETC. |
| Place of publication, distribution, etc. |
Geneva |
| Name of publisher, distributor, etc. |
United Nations |
| Date of publication, distribution, etc. |
2022 |
| 300 ## - PHYSICAL DESCRIPTION |
| Extent |
xii, 47 pages : illustrations |
| 610 ## - SUBJECT ADDED ENTRY--CORPORATE NAME |
| Corporate name or jurisdiction name as entry element |
UNITED NATIONS ECONOMIC COMMISSION FOR EUROPE(UNECE) |
| 650 ## - SUBJECT ADDED ENTRY--TOPICAL TERM |
| Topical term or geographic name entry element |
ENERGY TRANSITION |
| 650 ## - SUBJECT ADDED ENTRY--TOPICAL TERM |
| Topical term or geographic name entry element |
GREENHOUSE GAS MITIGATION |
| 650 ## - SUBJECT ADDED ENTRY--TOPICAL TERM |
| Topical term or geographic name entry element |
RENEWABLE ENERGY SOURCES |
| 856 ## - ELECTRONIC LOCATION AND ACCESS |
| Uniform Resource Identifier |
https://unece.org/sustainable-energy/publications/carbon-neutrality-unece-region-technology-interplay-under-carbon#:~:text=Safety%20Trust%20Fund-,Carbon%20Neutrality%20in%20the%20UNECE%20Region%20%2D%20Technology,under%20the%20Carbon%20Neutrality%20Concept&text=This%20publication%20calls%20for%20ambitious,frameworks%20to%20support%20immediate%20commercialization. |
| 942 ## - ADDED ENTRY ELEMENTS (KOHA) |
| Koha item type |
INTERNATIONAL PUBLICATIONS |
| 999 ## - |
| -- |
79375 |
| -- |
79375 |